<?xml version="1.0" encoding="UTF-8"?>
<record
    xmlns:xsi="http://www.w3.org/2001/XMLSchema-instance"
    xsi:schemaLocation="http://www.loc.gov/MARC21/slim http://www.loc.gov/standards/marcxml/schema/MARC21slim.xsd"
    xmlns="http://www.loc.gov/MARC21/slim">

  <leader>01184nam a2200193 a 4500</leader>
  <controlfield tag="008">180918t2014    ag  |||g||||| 001 1 spa d</controlfield>
  <datafield tag="020" ind1=" " ind2=" ">
    <subfield code="a">9789877390025</subfield>
  </datafield>
  <datafield tag="041" ind1=" " ind2=" ">
    <subfield code="a">spa</subfield>
  </datafield>
  <datafield tag="092" ind1=" " ind2=" ">
    <subfield code="c">808</subfield>
    <subfield code="l">51</subfield>
    <subfield code="s">MCG</subfield>
  </datafield>
  <datafield tag="100" ind1="1" ind2=" ">
    <subfield code="a">McGuire, Jamie</subfield>
    <subfield code="9">4304</subfield>
  </datafield>
  <datafield tag="245" ind1=" " ind2=" ">
    <subfield code="a">Un desastre es para siempre.</subfield>
    <subfield code="b">&#xBF;Ser&#xE1; el amor la salvaci&#xF3;n? /</subfield>
    <subfield code="c">Jamie McGuire</subfield>
  </datafield>
  <datafield tag="250" ind1=" " ind2=" ">
    <subfield code="a">1a ed.</subfield>
    <subfield code="b">Traducci&#xF3;n Ana Momplet</subfield>
  </datafield>
  <datafield tag="260" ind1=" " ind2=" ">
    <subfield code="a">Buenos Aires:</subfield>
    <subfield code="b">Suma de Letras;</subfield>
    <subfield code="c">2014.</subfield>
  </datafield>
  <datafield tag="300" ind1=" " ind2=" ">
    <subfield code="a">160 p.</subfield>
    <subfield code="c">23x15 cm.</subfield>
  </datafield>
  <datafield tag="500" ind1=" " ind2=" ">
    <subfield code="a">McGuire, J.(2014). Un desastre es para siempre. (1a ed.). Buenos Aires : Suma de Letras.</subfield>
  </datafield>
  <datafield tag="505" ind1=" " ind2=" ">
    <subfield code="a">Sabes que Abby se ha convertido en la se&#xF1;ora Maddox, pero... &#xBF;lo sabes todo? &#xBF;Por qu&#xE9; fue Abby quien pidi&#xF3; matrimonio a Travis? &#xBF;Qu&#xE9; secretos salieron a la luz antes de la ceremonia? &#xBF;D&#xF3;nde pasaron su noche de bodas? &#xBF;Qui&#xE9;n m&#xE1;s sab&#xED;a lo que iba a pasar y no lo cont&#xF3;? Todo lo que rodea la boda es secreto...hasta ahora. Abby y Travis han de huis a Las Vegas, donde quiz&#xE1; su amor los salve una vez m&#xE1;s. Disfruta del d&#xED;a de la boda y &#xA1;de la noche de bodas tambi&#xE9;n! Como ocurre con todas las buenas historias, la espera vali&#xF3; la pena. </subfield>
  </datafield>
  <datafield tag="655" ind1=" " ind2=" ">
    <subfield code="a">Literatura</subfield>
    <subfield code="9">2917</subfield>
  </datafield>
  <datafield tag="942" ind1=" " ind2=" ">
    <subfield code="2">ddc</subfield>
    <subfield code="c">LIT</subfield>
  </datafield>
  <datafield tag="999" ind1=" " ind2=" ">
    <subfield code="c">3252</subfield>
    <subfield code="d">3252</subfield>
  </datafield>
  <datafield tag="952" ind1=" " ind2=" ">
    <subfield code="0">0</subfield>
    <subfield code="1">0</subfield>
    <subfield code="2">ddc</subfield>
    <subfield code="4">0</subfield>
    <subfield code="7">0</subfield>
    <subfield code="a">BFM</subfield>
    <subfield code="b">BFM</subfield>
    <subfield code="c">CR</subfield>
    <subfield code="d">2025-04-23</subfield>
    <subfield code="e">Donaci&#xF3;n Abril 2025. Chiara Montenegro</subfield>
    <subfield code="l">0</subfield>
    <subfield code="o">808 51 MCG</subfield>
    <subfield code="p">5009</subfield>
    <subfield code="r">2025-04-24</subfield>
    <subfield code="t">Ej.1</subfield>
    <subfield code="w">2025-04-24</subfield>
    <subfield code="y">LIT</subfield>
    <subfield code="z">Donaci&#xF3;n Abril 2025. Chiara Montenegro. Sede Tordos.</subfield>
    <subfield code="f"></subfield>
  </datafield>
</record>
